• 首页
  • 本馆介绍
  • 公告通知
  • 最新文献
  • 馆藏检索
  • 电子资源
  • 读者导购
  • 参考咨询
  • 我的图书馆
  • 登录
  • 详细信息显示
  • 放入我的书架
  • 预约/预借图书
  • 作者相关作品
  • 分类相关作品
  • 丛书相关作品
  • 出版社相关作品

书目信息

  • 表格格式
  • 工作单格式
  • 卡片格式
题名:
保险合同纠纷诉讼指引与实务解答
    
 
作者: 安凤德 主编
分册:  
出版信息: 北京   法律出版社  2013
页数: 331页
开本: 21cm
丛书名: 诉讼指引与实务解答丛书
单 册:
中图分类: D923.64
科图分类:
主题词: 保险合同--合同纠纷--民事诉讼--中国 , 保险合同 , 合同纠纷 , 民事诉讼
电子资源:
ISBN: 978-7-5118-4047-9
000 01128nam0 2200313 450
001 523
005 20140908085215.43
010    @a978-7-5118-4047-9@dCNY29.00
100    @a20130124d2013 em y0chiy50 ea
101 0  @achi
102    @aCN@b110000
105    @ay z 000yy
106    @ar
200 1  @a保险合同纠纷诉讼指引与实务解答@f安凤德主编
210    @a北京@c法律出版社@d2013
215    @a331页@d21cm
225 2  @a诉讼指引与实务解答丛书@v05
312    @a封面英文题名:Disputes of insurance contract action guide and practice answers
330    @a本书从程序上指导当事人如何打保险官司,并提供了保险合同纠纷中最常见的问题进行分析,为当事人答疑解惑。全书分为保险合同纠纷诉讼指引、保险实务问题解答及附录法律、行政法规及相关规定三大部分。
410  0 @12001 @a诉讼指引与实务解答丛书
510 1  @aDisputes of insurance contract action guide and practice answers@zeng
606 0  @a保险合同@x合同纠纷@x民事诉讼@y中国
606 0  @a保险合同
606 0  @a合同纠纷
606 0  @a民事诉讼
690    @aD923.64@v5
701  0 @a安凤德@4主编
801  0 @aCN@bTANGWEI@c20140603
905    @b0842822-24@dD923.64@e1211@f3
    
    保险合同纠纷诉讼指引与实务解答/安凤德主编.-北京:法律出版社,2013
    331页;21cm.-(诉讼指引与实务解答丛书;05)
    
    
    ISBN 978-7-5118-4047-9:CNY29.00
    本书从程序上指导当事人如何打保险官司,并提供了保险合同纠纷中最常见的问题进行分析,为当事人答疑解惑。全书分为保险合同纠纷诉讼指引、保险实务问题解答及附录法律、行政法规及相关规定三大部分。
●
相关链接 在E读中查询图书 在五车中查询图书 在当当中查询图书 在豆瓣中查询图书


正题名:保险合同纠纷诉讼指引与实务解答     索取号:D923.64/1211         预约/预借

序号 登录号 条形码 馆藏地/架位号 状态 备注
1 0842822   208428227   第一样本阅览室/ [索取号:D923.64/1211] 在馆    
2 0842823   208428236   第一借阅区/ [索取号:D923.64/1211] 在馆    
3 0842824   208428245   密集书库-史法系/ [索取号:D923.64/1211] 在馆    
唐山师范学院图书馆 欢迎您!
大连网信软件有限公司© 版权所有